[Event "Bad Pyrmont Pape op-B 2nd"]
[Site "Bad Pyrmont"]
[Date "2023.08.13"]
[Round "7"]
[White "Kraeft, Tom"]
[Black "Elbert, Andre"]
[Result "1/2-1/2"]
[WhiteElo "1640"]
[BlackElo "1744"]
[PlyCount "91"]
[EventDate "2023.08.10"]
[EventType "swiss"]
[EventCountry "GER"]
[SourceTitle "EXT 2024"]
[Source "ChessBase"]
[SourceDate "2023.10.10"]
[SourceVersion "1"]
[SourceVersionDate "2023.10.10"]
[SourceQuality "1"]

1. e4 d5 2. exd5 Nf6 3. Nf3 Nxd5 4. d4 Bf5 5. a3 e6 6. c4 Nf6 7. Nc3 Be7 8. Bd3 Bxd3 9. Qxd3 c5 10. Be3 cxd4 11. Qxd4 Nc6 12. Qd1 0-0 13. 0-0 a6 14. h3 Qc7 15. Qe2 Rac8 16. b4 Ne5 17. c5 Nxf3+ 18. Qxf3 b6 19. Na4 bxc5 20. Nxc5 Bxc5 21. Bxc5 Rfe8 22. Rac1 Qc6 23. Qxc6 Rxc6 24. Be3 Rec8 25. Rxc6 Rxc6 26. Rc1 Rxc1+ 27. Bxc1 Nd5 28. Bd2 Kf8 29. Kf1 Ke7 30. Ke2 Kd6 31. Kd3 Kc6 32. Kc4 f6 33. g3 e5 34. a4 Nb6+ 35. Kb3 Kd5 36. Be3 Nc4 37. b5 axb5 38. axb5 Nd6 39. Kb4 Nb7 40. Kc3 f5 41. Kb4 h5 42. h4 g6 43. Bg5 Kd6 44. Kc4 Na5+ 45. Kb4 Nb7 46. Be3 1/2-1/2

[Event "Bad Pyrmont Pape op-B 2nd"]
[Site "Bad Pyrmont"]
[Date "2023.08.12"]
[Round "5"]
[White "Glianietz, Alexander R"]
[Black "Elbert, Andre"]
[Result "1/2-1/2"]
[WhiteElo "2398"]
[BlackElo "1744"]
[PlyCount "96"]
[EventDate "2023.08.10"]
[EventType "swiss"]
[EventCountry "GER"]
[SourceTitle "EXT 2024"]
[Source "ChessBase"]
[SourceDate "2023.10.10"]
[SourceVersion "1"]
[SourceVersionDate "2023.10.10"]
[SourceQuality "1"]

1. d4 f5 2. c4 e6 3. Nc3 Nf6 4. Nf3 Bb4 5. Bd2 b6 6. a3 Bxc3 7. Bxc3 Bb7 8. e3 0-0 9. Be2 d6 10. 0-0 Nbd7 11. Nd2 Qe8 12. Bf3 Ne4 13. Nxe4 Bxe4 14. Bxe4 fxe4 15. f3 Qg6 16. f4 a5 17. Qe2 a4 18. Rad1 h5 19. Kh1 Rf5 20. Be1 Qf7 21. Bh4 Rf8 22. Kg1 e5 23. fxe5 Rxf1+ 24. Rxf1 Qxf1+ 25. Qxf1 Rxf1+ 26. Kxf1 dxe5 27. Ke2 Kf7 28. Kd2 exd4 29. exd4 Ke6 30. Ke3 Kf5 31. Bg3 c6 32. h3 g5 33. Bc7 b5 34. cxb5 cxb5 35. Bd8 g4 36. Bc7 gxh3 37. gxh3 Nf6 38. Be5 Nd5+ 39. Kf2 Kg5 40. Kg3 h4+ 41. Kf2 Kf5 42. Bd6 Nf4 43. Bxf4 Kxf4 44. Ke2 e3 45. d5 Ke5 46. Kxe3 Kxd5 47. Kd3 Ke5 48. Ke3 Kd5 1/2-1/2

[Event "Bad Pyrmont Pape op-B 2nd"]
[Site "Bad Pyrmont"]
[Date "2023.08.11"]
[Round "2"]
[White "Elbert, Andre"]
[Black "Seeber, Helmut"]
[Result "1-0"]
[WhiteElo "1744"]
[BlackElo "1545"]
[PlyCount "47"]
[EventDate "2023.08.10"]
[EventType "swiss"]
[EventCountry "GER"]
[SourceTitle "EXT 2024"]
[Source "ChessBase"]
[SourceDate "2023.10.10"]
[SourceVersion "1"]
[SourceVersionDate "2023.10.10"]
[SourceQuality "1"]

1. d4 d5 2. Nf3 Nf6 3. Bf4 c6 4. c3 e6 5. e3 b6 6. Bd3 Ba6 7. Bxa6 Nxa6 8. Nbd2 Rc8 9. Qe2 Nc7 10. Ne5 Nb5 11. Nxc6 Qd7 12. Ne5 Nxc3 13. bxc3 Qc7 14. Qb5+ Nd7 15. 0-0 Bd6 16. Nxd7 Bxf4 17. Nxb6+ Ke7 18. Nxc8+ Rxc8 19. exf4 Qxf4 20. Qb4+ Kf6 21. Nf3 Rc4 22. Qa5 h5 23. Ne5 Rc8 24. Qxa7 1-0

[Event "Niedersachsen-ch op-A"]
[Site "Verden an der Aller"]
[Date "2020.01.04"]
[Round "6"]
[White "Schubert, Matthias"]
[Black "Elbert, Andre"]
[Result "0-1"]
[WhiteElo "1884"]
[BlackElo "1720"]
[PlyCount "80"]
[EventDate "2020.01.02"]
[EventType "swiss"]
[EventRounds "7"]
[EventCountry "GER"]
[SourceTitle "EXT 2023"]
[Source "ChessBase"]
[SourceDate "2022.10.05"]
[SourceVersion "1"]
[SourceVersionDate "2022.10.05"]
[SourceQuality "1"]

1. e4 d5 2. exd5 Nf6 3. d4 Nxd5 4. c4 Nf6 5. Nf3 Bg4 6. Nc3 e6 7. Be2 Be7 8. Qb3 0-0 9. Qxb7 Nbd7 10. Bf4 Rb8 11. Qxa7 Rxb2 12. 0-0 Bb4 13. Bc1 Rc2 14. Qa4 Bxc3 15. Qxc2 Bxa1 16. Be3 Bf5 17. Qb3 Bxd4 18. Nxd4 Be4 19. f3 Ba8 20. a4 e5 21. Nf5 e4 22. f4 g6 23. Ng3 Qe7 24. Qb5 c5 25. a5 Rb8 26. Qa4 h5 27. Rd1 h4 28. Nf1 Rb2 29. Rd2 Rxd2 30. Nxd2 h3 31. g3 Qe6 32. Qd1 Bb7 33. Nb3 Ba6 34. Nxc5 Nxc5 35. Bxc5 Bxc4 36. Qc2 Bxe2 37. Qxe2 Qd5 38. Qc2 Ng4 39. Bb6 e3 40. Qe2 Qd2 0-1